Cartoon, Anime and Video Game Characters on a Goofy Guy Quiz Stats

 Plays Quiz not verified by Sporcle

Challenge
Share
Tweet
Score 0/16 Timer 10:00
0 Plays Today
% Correct
Waluigi
79.8%
The Tick
67.3%
Ren
67.3%
Gambit
52.9%
Kuzco
52.5%
TJ
48.5%
Nightwing
44.1%
Bandit Keith
39.7%
% Correct
Mordecai
38.7%
Light Yagami
38%
Major Glory
36.7%
Bob Oblong
22.2%
Toki
14.8%
Rick
7.4%
Mark
6.7%
Dr. Kenzo Tenma
5.4%

You're not logged in!

Compare scores with friends on all Sporcle quizzes.
OR
Log In

You Might Also Like...

Show Comments

Extras

Top Quizzes Today


Score Distribution

Your Account Isn't Verified!

In order to create a playlist on Sporcle, you need to verify the email address you used during registration. Go to your Sporcle Settings to finish the process.

Report this User

Report this user for behavior that violates our Community Guidelines.

Details: